1926 1903 1608 1616 1316 1217 1011 1317 1837 1531 1317 1879 1879 1689 1563 1544 1096 1613 1924 1791 1180 1624 1398 1370 1348 1566 1341 1092 1828 1701 1191 1878 1692 1992 1720 1856 1791 1092 1421 1424 1364 1435 1434 1926 1308 1652 1871 1788 1020 1177 1561 1642 1513 1541 1196 1703 1955 1266 1666 1651 1819 1473 1833 1251 1038 1595 1461 1952 1971 1908 1458 1728 1750 1803 1186 1388 1757 1694 1121 1443 1373 1760 1274 1809 1205 1410 1328 1076 1131 1492 1332 1323 1741 1678 1961 1022 1158 1168 1495 BCNSPRNW ULIB Ver.6.0+V

เปลี่ยนเป็นภาษาไทย

Change to English
 แสดงรายละเอียดบรรณานุกรม
  กลับหน้าหลัก

Brief Record : Get Marc (ISO 2709) : E-mail record : QR code < ปิดหน้าต่าง
LEADER : 00000nam 2200000uu 4500
001    13399113015
003     ULIB
008    110921s2552||||th 000 0 tha d
020    9786111100136
050  4 PE1116.N8^bS411E 2552
100 1  Schwarz, Peter C.
245 10 English for nursing and health care students /^cPeter C.Schwarz and Amporn Thiengtrongdee
250    1st ed.
260    Nonthaburi :^bBook Project Praboromarajchanok Institute Ministry of Public Health,^c[2552]
300    106 p. :^bill. ;^c21 cm.
650  0 English language^xconversation and phrase books (for medical personnel)
650  0 Communication in nursing
650  0 Communication in medicine
700 1  ซวอตซ์, ปีเตอร์ ซี.
700 0  Amporn Thiengtrongdee
710 2  Praboromarajchanok Institute. ^bBook Project
945    ^p250^l0^i027972
945    ^p250^l0^i027973
945    ^p250^l0^i028488
945    ^p250^l0^i028709
945    ^p250^l0^i028710
995    ทศพร
999 ^a ทศพร
รายการนี้ยังไม่มีแท็ก
คุณยังไม่ได้ล็อกอิน คุณสามารถมีกิจกรรมร่วมกับเว็บไซต์ได้ แต่ต้องล็อกอินก่อน ::
  ล็อกอิน

รายการสื่อสารสนเทศ

ลำดับที่ ประเภท เลขเรียก/บาร์โค้ด สถานที่ สถานะ
- ไม่พบข้อมูล -

รายการใกล้เคียง
    ผู้แต่ง [Schwarz, Peter C.]

    หัวเรื่อง [Communication in nursing]
    หัวเรื่อง [Communication in medicine]

BibComment


ยังไม่เคยถูกคอมเมนท์

คอมเมนท์ทรัพยากรรายการนี้
  คอมเมนท์: English for nursi..


 Copyright 2026. Bcnsprnw @Library